000 02163cam a22004694i 4500
003 PE-LiUPU
005 20250731173321.0
008 150625s r 000 0 d
020 _a0801027276
035 _a(Sirsi) i9780801027277
040 _aPE-LiUPU
_bspa
_cPE-LiUPU
_erda
049 _aPRUA
082 0 4 _a230.01
_bZ77
_221
100 1 _aZimmermann, Jens,
_eautor.
245 1 0 _aRecovering theological hermeneutics :
_ban incarnational-trinitarian theory of interpretation /
_cJens Zimmermann.
264 1 _aGrand Rapids, MI :
_bBacker Academic,
_c2004.
300 _a345 páginas ;
_c24 centímetros
336 _atext
_2rdacontent
337 _aunmediated
_2rdamedia
338 _avolume
_2rdacarrier
504 _aIncluye referencias bibliográficas.
505 0 _aCommunion with God. -In the beginning was the word: The incarnational hermeneutics of Martin Luther. -Puritan and pietist hermeneutics. -The silencing of the word. -The secularization of theological hermeneutics. -Gadamer's philosophical hermeneutics. -The ethical hermeneutics of Emmanuel Levinas. -Hermeneutics and Self-Knowledge: The challenge of radical hermeneutics. -Recovering theological hermeneutics: an incarnational-trinitarian approach. -Incarnational subjectivity. -Self-knowledge and the incarnation. -Incarnation and aesthetics.
526 _aSEG42
526 _aSEG41
526 _aSEG40
526 _aSEG39
526 _aP94
526 _aP87
526 _aP86
526 _aP85
526 _aP77
526 _aP76
526 _aP35
541 _g438621;
650 0 4 _aHermenéutica
_xCristianismo
_xHistoria de las doctrinas.
650 0 4 _aTeología filosófica.
942 _2ddc
_cBOOK
949 _a230.01 Z77
_wDEWEY
_c1
_i57558
_lCCODEBUL1
_mBUL
_p36.00
_r0
_sY
_tBOOK
_u2015-6-25
_xTEOLOGIA
_PP35
_0COMPRA
_o.STAFF. Colección General
994 _aC0
_bPEPRU
596 _a1
999 _a230.01 Z77
_wDEWEY
_c46579
_i57558
_f2021-11-9
_g6
_lCCODEBUL1
_mBUL
_p36.00
_r0
_sY
_tBOOK
_u2015-6-25
_xTEOLOGIA
_PP35
_0COMPRA
_o.STAFF. Colección General
_d46579
980 _81
_gALBERTO SANCHEZ Responsable de Automatización